| 000 | 00599cam a2200205ua 4500 | ||
|---|---|---|---|
| 020 |
_a81 86580 00 x _c200.00 |
||
| 041 |
_aeng _h |
||
| 082 |
_a581.20954 _bRAY/HI |
||
| 100 | _aRagchoudhary, S P . | ||
| 245 |
_aHistory of plant pathology of south east Asia with special reference to India / _cS P Ragchoudhary. _hTextual Documents |
||
| 250 |
_a1 / _b. |
||
| 260 |
_aNewdelhi : _bA P C Publications pvt Ltd , _c1996. |
||
| 300 | _a124 ; . | ||
| 365 | _a200.00 | ||
| 504 | _a | ||
| 700 | 1 | _aJohnston, Anthony . | |
| 700 | 1 | _aSarabhoy, A K . | |
| 942 | _cBK | ||
| 999 |
_c9289 _d9289 |
||